Music Quiz

Random Music or Artist Quiz
Score 0/36 Timer 03:00
1 Play Today
% Correct
A Night at the Opera
93.8%
The Dark Side of the Moon
92.3%
The Wall
88.4%
London Calling
87.8%
A Day at the Races
86.1%
Sticky Fingers
85.4%
Wish You Were Here
84.7%
Rumours
83.9%
Never Mind the B*****ks...
82.9%
Exile on Main St.
81.9%
Beggars Banquet
81.1%
Let It Bleed
80%
It's Only Rock 'n Roll
75.6%
Houses of the Holy
74.4%
Physical Graffiti
73.5%
Animals
71.7%
Tusk
70.9%
Synchronicity
70.4%
% Correct
News of the World
70.3%
Combat Rock
70%
Goats Head Soup
68.9%
Sheer Heart Attack
67.4%
The Division Bell
67.2%
The Game
65.3%
Black and Blue
63.3%
In Through the Out Door
62.7%
Some Girls
62.6%
Jazz
60.4%
Atom Heart Mother
59.9%
Coda
58.9%
Ghost in the Machine
58.8%
Sandinista!
58.7%
Give 'Em Enough Rope
54%
Hot Space
49.7%
Mirage
48%
Presence
47%
Remove Ads.
Support Sporcle.
Get the best of Sporcle when you Go Orange. This ad-free experience offers more features, more stats, and more fun while also helping to support Sporcle. Thank you for becoming a member.

You're not logged in!

Compare scores with friends on all Sporcle quizzes.
OR
Log In

Sporcle TV

Today on Sporcle TV


Watch our educational content, quiz creation guides, and fun videos on Sporcle TV.

Show Comments

Extras

Top Quizzes Today


Score Distribution

Paid Content

Your Account Isn't Verified!

In order to create a playlist on Sporcle, you need to verify the email address you used during registration. Go to your Sporcle Settings to finish the process.

Report this User

Report this user for behavior that violates our Community Guidelines.

Details: